| 000 | 004720000a22001810004500 | ||
|---|---|---|---|
| 003 | MACL | ||
| 005 | 20160103151909.0 | ||
| 008 | 160103b xxu||||| |||| 00| 0 eng d | ||
| 040 |
_aMACL _cMACL |
||
| 041 | _aEnglish | ||
| 082 | _a809/WEB | ||
| 100 |
_aWeber, Albrecht _927706 |
||
| 245 | _aThe History of Indian Literature | ||
| 260 |
_bThe Chowkhamba Sanskrit Series Office _c1961 _aVaransi |
||
| 350 | _a25 | ||
| 650 |
_aLiterature _927707 |
||
| 942 |
_cBK _k809/WEB _2ddc |
||
| 999 |
_c37975 _d37975 |
||